Applied college algebra / (Record no. 57107)

MARC details
000 -LEADER
fixed length control field 00781nam a22002177a 4500
005 - DATE AND TIME OF LATEST TRANSACTION
control field 20110928141955.0
010 ## - LCCN (DPL NO)
LC control number G-001443
020 ## - INTERNATIONAL STANDARD BOOK NUMBER
Terms of availability 875.00
International Standard Book Number 9788183564526
035 1d - SYSTEM CONTROL NUMBER
System control number G-001443
037 ## - SOURCE OF ACQUISITION
Source of stock number/acquisition Gift (Indina Tax Institute)
082 ## - DEWEY DECIMAL CLASSIFICATION NUMBER
Classification number 512
100 ## - MAIN ENTRY--PERSONAL NAME
Personal name Sharma, A.K.
245 ## - TITLE STATEMENT
Title Applied college algebra /
Statement of responsibility, etc by A.K. Sharma
260 ## - PUBLICATION, DISTRIBUTION, ETC. (IMPRINT)
Place of publication, distribution, etc New Delhi
Name of publisher, distributor, etc Discovery Publishing House
Date of publication, distribution, etc 2009
270 ## - ADDRESS
Address 4831/24, Ansari Road, Prahlad Street, Darya Ganj
City New Delhi
Postal code 110002
300 ## - PHYSICAL DESCRIPTION
Extent vi, 273p.
Dimensions 24cm(Hb)
500 ## - GENERAL NOTE
General note Includes bibliographical references and index
942 ## - ADDED ENTRY ELEMENTS (KOHA)
Source of classification or shelving scheme Dewey Decimal Classification
Item type English Books
Classification part 512
Call number suffix SHA
Holdings
Withdrawn status Lost status Not for loan Collection code Home library Current library Date acquired Source of acquisition Cost, normal purchase price Full call number Barcode Copy number Cost, replacement price Koha item type
      Non-fiction Janak Puri Janak Puri 28/09/2011 gift 875.00 512 SHA G-001443 1 875.00 English Books

© Delhi Public Library
Hit Counter
free hit counter